000 00393 a2200169 4500
001 188315
020 _a85-249-1046-1
040 _cMagnum
100 _aProminska, Elzbieta
240 1 0 _aLas aventuras de paulina en el nilo
_lESP
245 1 0 _aLas aventuras de paulina en el nilo
300 _a96
362 0 _a2004
440 1 _aCortez
697 _aLITERATURA ESPANHOLA
942 _cBK
999 _c188315
_d188315